| 000 | 00926cam a2200301Ii 4500 | ||
|---|---|---|---|
| 001 | 84754 | ||
| 005 | 20230411090043.0 | ||
| 008 | 770913s1972 mx 000 0 spa d | ||
| 035 | _a(OCoLC)ocm03261682 | ||
| 040 |
_aUUM _cUUM _dOCL _dEL$ _dOCL _dOCLCQ |
||
| 035 | _a(OCoLC)3261682 | ||
| 043 | _acl----- | ||
| 090 |
_aHC187 _b.M339s 1972 |
||
| 049 | _aGRAL | ||
| 100 | 1 | _aMarini, Ruy Mauro. | |
| 245 | 1 | 0 |
_aSubdesarrollo y revolución / _cpor Ruy Mauro Marini. |
| 250 | _a[4. ed.]. | ||
| 260 |
_aMéxico : _bSiglo Veintiuno, _c[1972] |
||
| 300 |
_avii, 162 p. ; _c18 cm. |
||
| 490 | 0 | _aEl Mundo del hombre. Sociología y política | |
| 504 | _aIncludes bibliographical references. | ||
| 651 | 0 |
_aBrazil _xEconomic conditions _y1945- |
|
| 651 | 0 |
_aLatin America _xEconomic conditions _y1945- |
|
| 651 | 4 |
_aHispanoamérica _xCondiciones económicas _y1945. |
|
| 942 |
_2lcc _cbk |
||
| 946 | _aPP | ||
| 994 |
_aC0 _bDRFGD |
||
| 999 |
_c111652 _d111652 |
||